Физические основы эмиссионной электроники: [учебное пособие]

Dettagli Bibliografici
Autore principale: Никитин Н. Е. Николай Евгеньевич
Altri autori: Шешин Е. П. Евгений Павлович
Riassunto:В учебном пособии подробно, на доступном общефизическом уровне, изложены модели основных явлений эмиссионной электроники: фотоэлектронной эмиссии, термоэлектронной эмиссии, автоэмиссии, вторичной эмиссии, взрывной эмиссии, поверхностной ионизации. Приведенные в книге основные формулы сопровождаются подробными выводами и объяснениями. Даны описания некоторых экспериментальных методик, а также принципы действия и конструктивные особенности применяемых на практике электровакуумных приборов. Пособие содержит краткую конспективную справку по тем вопросам квантовой теории, которые необходимы для описания поведения заряженных частиц в твердом теле и на границе раздела конденсированная среда - вакуум.
Lingua:russo
Pubblicazione: Долгопрудный, Интеллект, 2018
Serie:Физтеховский учебник
Soggetti:
Natura: Libro
KOHA link:https://koha.lib.tpu.ru/cgi-bin/koha/opac-detail.pl?biblionumber=340876

MARC

LEADER 00000nam0a2200000 4500
001 340876
005 20231102005303.0
010 |a 9785915592475 
035 |a (RuTPU)RU\TPU\book\367886 
090 |a 340876 
100 |a 20180418d2018 m y0rusy50 ca 
101 0 |a rus 
102 |a RU 
105 |a a j 001zy 
200 1 |a Физические основы эмиссионной электроники  |e [учебное пособие]  |f Н. Е. Никитин, Е. П. Шешин 
210 |a Долгопрудный  |c Интеллект  |d 2018 
215 |a 572 с.  |c ил. 
225 1 |a Физтеховский учебник 
320 |a Библиография в конце глав 
320 |a Основные обозначения: с. 9 
330 |a В учебном пособии подробно, на доступном общефизическом уровне, изложены модели основных явлений эмиссионной электроники: фотоэлектронной эмиссии, термоэлектронной эмиссии, автоэмиссии, вторичной эмиссии, взрывной эмиссии, поверхностной ионизации. Приведенные в книге основные формулы сопровождаются подробными выводами и объяснениями. Даны описания некоторых экспериментальных методик, а также принципы действия и конструктивные особенности применяемых на практике электровакуумных приборов. Пособие содержит краткую конспективную справку по тем вопросам квантовой теории, которые необходимы для описания поведения заряженных частиц в твердом теле и на границе раздела конденсированная среда - вакуум. 
606 1 |a Электроника эмиссионная  |2 stltpush  |3 (RuTPU)RU\TPU\subj\20349  |9 45458 
610 1 |a фотоэлектронная эмиссия 
610 1 |a термоэлектронная эмиссия 
610 1 |a автоэлектронная эмиссия 
610 1 |a вторичная электронная эмиссия 
610 1 |a твердые тела 
610 1 |a поверхности 
610 1 |a атомы 
610 1 |a ионизация 
610 1 |a взрывная электронная эмиссия 
610 1 |a учебные пособия 
675 |a 621.38(075.8)  |v 4 
700 1 |a Никитин  |b Н. Е.  |g Николай Евгеньевич 
701 1 |a Шешин  |b Е. П.  |g Евгений Павлович 
801 1 |a RU  |b 63413507  |c 20180418 
801 2 |a RU  |b 63413507  |c 20190925  |g RCR 
942 |c BK 
959 |a 3/20180221  |d 1  |e 1782,00  |f ЧЗТЛ:1